Score 0/20 Timer 08:00
2 Plays Today
% Correct
Naruto
95.5%
Dragon Ball
92.7%
One Piece
90.2%
Death Note
88.9%
Bleach
88.6%
Berserk
65.1%
Akira
59.6%
Great Teacher Onizuka
57.3%
Saint Seiya
50%
Monster
42.4%
% Correct
Captain Tsubasa
39.7%
Beck
33.8%
Black Jack
32.9%
Nausicaä of the Valley of the Wind
30.5%
20th century boys
22.4%
Pluto
19.6%
City Hunter
19.5%
Golgo 13
17.2%
Barefoot Gen
12.7%
Tekkonkinkreet
12%
Remove Ads.
Support Sporcle.
Get the best of Sporcle when you Go Orange. This ad-free experience offers more features, more stats, and more fun while also helping to support Sporcle. Thank you for becoming a member.

You're not logged in!

Compare scores with friends on all Sporcle quizzes.
OR
Log In

Show Comments

Extras

Top Quizzes Today


Score Distribution

Your Account Isn't Verified!

In order to create a playlist on Sporcle, you need to verify the email address you used during registration. Go to your Sporcle Settings to finish the process.

Report this User

Report this user for behavior that violates our Community Guidelines.

Details: